• 首页
  • 本馆介绍
  • 公告通知
  • 最新文献
  • 馆藏检索
  • 电子资源
  • 读者导购
  • 参考咨询
  • 我的图书馆
  • 登录
  • 详细信息显示
  • 放入我的书架
  • 预约/预借图书
  • 作者相关作品
  • 分类相关作品
  • 丛书相关作品
  • 出版社相关作品

书目信息

  • 表格格式
  • 工作单格式
  • 卡片格式
题名:
打赢汇率战争
    
 
作者: 崔用植 著 ;朴莲顺 译
分册:  
出版信息: 北京   现代出版社  2016
页数: 232页
开本: 22cm
丛书名:
单 册:
中图分类: F830.73
科图分类:
主题词: 汇率波动--研究
电子资源:
ISBN: 978-7-5143-3664-1
000 00997nam0 2200289 450
001 012001001633
005 20140921103355.0
010    @a978-7-5143-3664-1@dCNY39.80
100    @a20160923d2016 em y0chiy50 ea
101 1  @achi@ckor
102    @aCN@b110000
105    @ay z 000yy
106    @ar
200 1  @a打赢汇率战争@9da ying hui lu zhan zheng@e汇率撼动经济@f(韩)崔用植著@g朴莲顺译
210    @a北京@c现代出版社@d2016
215    @a232页@d22cm
312    @a封面英文题名:Exchange rate wars
314    @a崔用植,韩国当代经济学家。
330    @a本书作者以实战案例为切入点,具体考察历史中西方主要国家围绕着增长潜力和国际竞争力实施的汇率政策,阐明汇率浮动的规律和兴亡盛衰。
510 1  @aExchange rate wars@zeng
517 1  @a汇率撼动经济@9hui lu han dong jing ji
606 0  @a汇率波动@x研究
690    @aF830.73@v5
701  0 @c(韩)@a崔用植@9cui yong zhi@4著
702  0 @a朴莲顺@9pu lian shun@4译
801  0 @aCN@b上海新华@c20180901
905    @b1156750-4@dF830.73@e423@f5
    
    打赢汇率战争:汇率撼动经济/(韩)崔用植著/朴莲顺译.-北京:现代出版社,2016
    232页;22cm
    
    
    ISBN 978-7-5143-3664-1:CNY39.80
    本书作者以实战案例为切入点,具体考察历史中西方主要国家围绕着增长潜力和国际竞争力实施的汇率政策,阐明汇率浮动的规律和兴亡盛衰。
●
相关链接 在E读中查询图书 在五车中查询图书 在当当中查询图书 在豆瓣中查询图书


正题名:打赢汇率战争     索取号:F830.73/423         预约/预借

序号 登录号 条形码 馆藏地/架位号 状态 备注
1 1156750   211567507   第一样本阅览室/ [索取号:F830.73/423] 在馆    
2 1156751   211567516   第一借阅区/ [索取号:F830.73/423] 在馆    
3 1156752   211567525   第一借阅区/ [索取号:F830.73/423] 在馆    
4 1156753   211567534   第一借阅区/ [索取号:F830.73/423] 在馆    
5 1156754   211567543   密集书库-海洋学院/ [索取号:F830.73/423] 在馆    
唐山师范学院图书馆 欢迎您!
大连网信软件有限公司© 版权所有